000 00413nam a22001457a 4500
082 _a620.112
_bMOR
_cL-38,P-24
100 _aMorley, Arthur
_939734
245 _aStrength of Materials
_cArthur, Morley
250 _avolumn6.
260 _aNew Yor :
_bLongmans, Green and Co Ltd,
_c1926.
300 _a555p.:
_bill, ;
_c15 cm.
526 _a0
_b0
_c0
_d620_112000000000000_MOR
650 _aMCE
_9379
942 _2ddc
_cBK
999 _c544862
_d544862